000 00786nam a2200241Ia 4500
003 OSt
005 20220925203410.0
006 a|||||r|||| 00| 0
007 ta
008 220923b |||||||| |||| 00| 0 eng d
020 _a9780822346982
_c1109.6600000000001
037 _bRKBA\ 09-10 \ 4670, 12/07/2012, RAJKIRAN BOOK AGENCY
_cGeneral Book
040 _aRTL
_cRTL
_beng
041 _2eng
_aeng
082 _aY9 (W), Q0
100 _aBAKER Lee D.
_9265832
245 0 _aAnthropology and the racial politics of culture
260 _aDurham
_bDuke University Press
_c2010
300 _axiv, 277p.
_ccm.
650 _aSociology
942 _hY9 (W), Q0
_cGB
_2CC
999 _c546234
_d546234